000 00851pam a2200277 a 4500
008
020 _a0397510780 (hbk. )
049 _aMAIN
090 _aRD536
_bPRA
245 0 4 _aThe practice of thoracic anesthesia /
_cedited by Edmond Cohen ; with 23 contributors.
260 _aPhiladelphia :
_bJ.B. Lippincott,
_cc1995.
300 _axii, 596 p., [4] p. of plates :
_bill. (some col.) ;
_c25 cm.
500 _aIncludes index.
504 _aIncludes bibliographical references.
650 0 _aChest
_xSurgery.
650 0 _aAnesthesiology.
650 1 2 _aThoracic Surgery.
650 2 2 _aAnesthesia.
650 2 2 _aLung
_xphysiology.
700 1 _aCohen, Edmond.
907 _a.b1033404x
_b15-08-13
_c15-07-13
003
005 20230123122024.0
040 _cNUST
942 _cBOOKS
_kRD536
_mPRA
999 _c126458
_d126458